Die Musik : monatsschrift monatsschrift
Descripción Física:
6 v. ; periodicitat: mensual ; 27 cm
MARC
| LEADER | 00000nas a2200000 a 4500 | ||
|---|---|---|---|
| 001 | 28699 | ||
| 003 | AGDB | ||
| 005 | 20260324181506.0 | ||
| 008 | 160829s9999 xx 000 0 cat d | ||
| 040 | |a agdb |b cat | ||
| 245 | |a Die Musik : |b monatsschrift | ||
| 260 | |a Berlin : |b Max Hesse ; |c 1901-1937 | ||
| 300 | |a 6 v. ; |b periodicitat: mensual ; |c 27 cm | ||
| 310 | |a Mensual | ||
| 362 | |a Núm. 1 (1901)- | ||
| 590 | |a Prové del fons de la Casa de Caritat. | ||
| 650 | |a Música |x Revistes |9 47268 | ||
| 655 | 0 | |a Revistes |9 55823 | |
| 866 | |a 1935 (27, núm. 6, 8, 12) | ||
| 866 | |a 1935 (28, núm. 1) | ||
| 866 | |a 1936 (28, núm. 4, 8) | ||
| 901 | |a Arxiu | ||
| 942 | |n 1 |2 udc |c ARXIU | ||
| 952 | |0 0 |1 0 |2 udc |4 0 |6 REV2368 |7 1 |9 97671 |a Arxiu |b Arxiu |d 2016-12-01 |h 1935 (27, núm. 6, 8, 12) ; 1935 (28, núm. 1) ; 1936 (28, núm. 4, 8) |l 0 |o Rev-2368 |p 28699 |r 2016-12-01 00:00:00 |w 2016-12-01 |y ARXIU | ||
| 999 | |c 47856 |d 47856 | ||